000 00225nam a22000857a 4500
008 160718b xxu||||| |||| 00| 0 eng d
100 _92984
_a Ciovacco, J., et al
245 _aAnimals
260 _aNew Delhi
_bPopular Prakashan
_c2004
999 _c2547
_d2547